000
00318pab a2200145 454500
008
180718b2004 xxu||||| |||| 00| 0 eng d
100
_a
Gatade, Subhash
245
_a
Sewers as death traps'
260
_c
2004
300
_a
p.13-14.
362
_a
3 Jul
650
_a
Sewers
773
_a
Mainstream
909
_a
61332
999
_c
61332
_d
61332